Las construcciones condicionales en castellano contemporaneo /

Guardado en:
Autor Principal: Söhrman, Ingmar
Formato: Libro
Publicado: Stockholm : Almqvist & Wiksell, 1991
Materias:
Etiquetas: Agregar Etiqueta
Sin Etiquetas, Sea el primero en etiquetar este registro!
LEADER 00497nam a22001575a 4500
001 EHU.bham005486
003 AR-BHAM
005 20081017154048.0
008 130507s1991##################000#0#####d
082 4 6 |a 467 
100 1 |a Söhrman, Ingmar 
245 1 0 |a Las construcciones condicionales en castellano contemporaneo /  |c Ingmar Söhrman. 
260 |a Stockholm :  |b Almqvist & Wiksell,  |c 1991 
300 |a 167 p. 
653 |a Castellano-dialectos 
859 |a AR-BHAM  |b BIB. HUMANIDADES - General  |h 467  |i So25  |p 476.91  |t Ej.1